Die Formen des Genitiv II Pluralis im Alten Kalevala

Elmentve itt :
Bibliográfiai részletek
Szerző: Ruoppila Veikko
Dokumentumtípus: Cikk
Megjelent: 1973
Sorozat:Finnisch-ugrische Forschungen
Kulcsszavak:Finn nyelv, Nyelvészet - finn
Tárgyszavak:
Online Access:http://misc.bibl.u-szeged.hu/65967
LEADER 00775nab a2200241 i 4500
001 misc65967
005 20230629112002.0
008 230605s1973 hu o 0|| ger d
040 |a SZTE Miscellanea Repozitórium  |b hun 
041 |a ger 
041 |a fin 
100 1 |a Ruoppila Veikko 
245 1 4 |a Die Formen des Genitiv II Pluralis im Alten Kalevala  |h [elektronikus dokumentum] /  |c  Ruoppila Veikko 
260 |c 1973 
300 |a 185-193  |c 21 cm 
300 |a [9] p.  |c 21 cm 
490 0 |a Finnisch-ugrische Forschungen 
561 |a Németh Gyula hagyaték 
591 |a NOU 4948 
650 4 |a Bölcsészettudományok 
650 4 |a Nyelvek és irodalom 
695 |a Finn nyelv, Nyelvészet - finn 
856 4 0 |u http://misc.bibl.u-szeged.hu/65967/1/4948_nou.pdf  |z Dokumentum-elérés